000 00815nam a2200229 i 4500
001 000003034
003 DO-SdBNP
005 20240913102739.0
007 ta
008 090706s1968 dr c r 100 0 spa
040 _aDO-SdBNP
_bspa
_cBNPHU
_erda
082 4 _bP796
_222
111 2 _aPonencias del seminario de desarrollo, población y familia (
_d1968 dic. 4-6)
_cSanto Domingo
_99609
245 1 0 _aPonencias del seminario de desarrollo, población y familia (CELAP)
260 _aSanto Domingo :
_bArzobispado de Santo Domingo
_bCentro Latinoaméricano de Población y Familia
_a1968.
300 _a214 páginas :
_bretratos ;
_c22 cm.
336 _atexto
_btxt
_2rdacontent
337 _asin mediación
_bn
_2rdamedia
338 _avolumen
_bnc
_2rdacarrier
590 _aInventariado, 2024/BT
942 _2ddc
_cLBS1
999 _c2865
_d2865